| 000 | 00471nam a22001817a 4500 | ||
|---|---|---|---|
| 005 | 20240813114210.0 | ||
| 008 | 240813b |||||||| |||| 00| 0 eng d | ||
| 020 | _a8123902786 | ||
| 082 |
_a612 _bMAH-T |
||
| 100 | _aMuhammad Ali | ||
| 245 |
_aTextbook of Pharmacognosy _cMuhammad Ali |
||
| 250 | _a2nd ed. | ||
| 260 |
_aIndia : _bSatish kumar ; _c2005 |
||
| 300 |
_avi,518p. _bill; _c23 cm. |
||
| 500 | _ainclude index . | ||
| 650 | _aPharmacognosy / | ||
| 999 |
_c36395 _d36395 |
||